El arte de los metales

-д хадгалсан:
Номзүйн дэлгэрэнгүй
Үндсэн зохиолч: Barba, Alvaro Alonso (Зохиогч)
Формат: Ном
Хэл сонгох:испани
Хэвлэсэн: Madrid Escuela Técnica Superior de Ingenieros de Minas 1977
Нөхцлүүд:
Шошгууд: Шошго нэмэх
Шошго байхгүй, Энэхүү баримтыг шошголох эхний хүн болох!

MARC

LEADER 00000nam a2200000 a 4500
001 UCV9510
003 CL-VaPUC
008 921104e19770000SP |||||||||||||||||spa|d
082 0 4 |a 669.1  |b BAR  |2 21 
100 0 |a Barba, Alvaro Alonso  |e author  |9 303517 
245 1 3 |a El arte de los metales 
300 |a 228 p 
942 |c BK 
945 |d 19921104 00:00:00 
260 |a Madrid  |b Escuela Técnica Superior de Ingenieros de Minas  |c 1977 
650 7 |a METALES REFINACION  |2 CL-VaPUC  |9 268259 
650 0 |a Fundición  |9 268260 
650 7 |a BENEFICIO DE MINERALES  |2 CL-VaPUC  |9 264046 
583 |a last modification  |c 19921104 00:00:00  |k Rodrigo Vera 
999 |c 214831  |d 214829 
952 |0 0  |1 0  |4 0  |6 669_100000000000000_BAR_1977  |7 0  |8 A  |9 198588  |a BIBARQ  |b BIBARQ  |d 2019-11-14  |i 266030K  |o 669.1 BAR 1977  |p 266030K  |r 2025-01-20  |w 2019-11-14  |y BK  |k ARQ